000 00213nam a22000857a 4500
008 170130b xxu||||| |||| 00| 0 eng d
100 _92650
_aVerma.N.K
245 _aChemistry Activites-XI
260 _aNew Delhi
_bLP
_c2010
999 _c5807
_d5807